banner-ar

ارهاصات موقعة الجحش / (Record no. 60781)

MARC details
000 -الفاتح
حقل البيانات ثابتة الطول 00804nam a22002297a 4500
005 - وقت وتاريخ اخر تعامل مع التسجيلة
رقم الضبط 20240530110427.0
008 - عناصر البيانات ثابتة الطول - معلومات عامة
حقل البيانات ثابتة الطول 150328s2011 ua g 000 e ara d
017 ## - رقم الايداع القانونى
رقم الايداع القانونى 2011/15844
المصدر ( الهيئة المختصة) مصر . دار الكتب المصرية
020 ## - الرقم الدولى المعيارى للكتب
الرقم الدولى المعيارى للكتاب 9789770930649
040 ## - مصدر الفهرسة
وكالة الفهرسة الأصلية EG-CaGPL
082 04 - رقم تصنيف ديوى العشرى
رقم الطبعة 21
رقم التصنيف 814.0080358\
رقم المادة أ إ
100 0# - المدخل الرئيسى - إسم شخصى
الإسم الشخصى اسامة غريب
245 10 - بيان العنوان
العنوان ارهاصات موقعة الجحش /
بيان المسئوليه,etc اسامة غريب
250 ## - بيان الطبعة
بيان الطبعة ط1
260 ## - PUBLICATION, DISTRIBUTION, ETC. (IMPRINT)
تاريخ النشر أو التوزيع 2011
300 ## - الوصف المادى
التعداد 560 ص ؛
أبعاد الوعاء 19 سم
650 04 - المدخل الاضافى بالموضوع-مصطلح موضوعى
مصطلح موضوعي المقالات العربية
650 04 - المدخل الاضافى بالموضوع-مصطلح موضوعى
مصطلح موضوعي المقالات السياسية
التقسيم الفرعي الزمني ثورة 25 يناير
650 04 - المدخل الاضافى بالموضوع-مصطلح موضوعى
مصطلح موضوعي المقالات العربية
التقسيم الفرعي الزمني ثورة 25 يناير
942 ## - عناصر المدخل الإضافي( كوها)
مصدر التصنيف او مخطط الترفيف Dewey Decimal Classification
Koha [default] item type كتاب
260 ## - PUBLICATION, DISTRIBUTION, ETC. (IMPRINT)
-- القاهرة :
-- دار الشروق ،
Holdings
حالة التراجع حالة الفقد حالة تلف ليس للاعارة المكان المؤقت الموقع الحالى تاريخ الاكتساب اجمالي اﻻعارات رقم الطلب الباركود تاريخ اخر مشاهدة تاريخ تفعيل السعر نوع وعاء كوها
        مكتبة القاهرة الكبرى مكتبة القاهرة الكبرى 03/28/2015   814.0080358\ أ إ 159913 03/28/2015 03/28/2015 كتاب

Powered By

EGPV